| 000 | 00000nam 2200000zi 4500 |
| 001 | 9.923362 |
| 003 | CaOODSP |
| 005 | 20230531112000 |
| 006 | m o d f |
| 007 | cr |n||||||||| |
| 008 | 230531t20221998onca o f|0| 0 fre d |
| 040 | |aCaOODSP|bfre|erda|cCaOODSP |
| 043 | |an-cn--- |
| 086 | 1 |aNH15-114/2022F-PDF |
| 245 | 02|aL'achat d'une maison étape par étape : |bvotre guide pour acheter une maison au Canada. |
| 250 | |aÉdition révisée. |
| 264 | 30|aVotre guide pour acheter une maison au Canada |
| 264 | 1|a[Ottawa] : |bSCHL = CMHC, |c2022. |
| 264 | 4|c©1998 |
| 300 | |a1 ressource en ligne (27 pages) : |billustrations |
| 336 | |atexte|btxt|2rdacontent/fre |
| 337 | |ainformatique|bc|2rdamedia/fre |
| 338 | |aressource en ligne|bcr|2rdacarrier/fre |
| 500 | |aPublié aussi en anglais sous le titre : Homebuying step by step : your guide to buying a home in Canada. |
| 500 | |aEn tête du titre : Assurance prêt hypothécaire. |
| 500 | |aLe n° de catalogue (NH15-114/2004F) et le n° ISBN (0-662-78467-7) d’une édition précédente sont imprimés dans cette édition. |
| 650 | 6|aHabitations|xAchat|zCanada|vGuides, manuels, etc. |
| 650 | 6|aAccession à la propriété|zCanada|vGuides, manuels, etc. |
| 655 | 7|aGuides et manuels|2rvmgf |
| 710 | 2 |aSociété canadienne d'hypothèques et de logement, |eorganisme de publication. |
| 775 | 08|tHomebuying step by step : |w(CaOODSP)9.923352 |
| 795 | |tL'achat d'une maison étape par étape : |w(CaOODSP)9.904065 |
| 856 | 40|qPDF|s1.68 Mo|uhttps://publications.gc.ca/collections/collection_2023/schl-cmhc/NH15-114-2022-fra.pdf |